En busca de la justicia restaurativa. Un cambio de paradigma en el Derecho penal de garantías

Gardado en:
Detalles Bibliográficos
Autor Principal: Santos, Ilison Dias Dos (Author)
Formato: Libro
Idioma:Lingua castelá
Publicado: Montevideo, Uruguay B de f 2018
Subjects:
Tags: Engadir etiqueta
Sen Etiquetas, Sexa o primeiro en etiquetar este rexistro!

MARC

LEADER 00000cam a2200000 a 4500
001 UCC2823
003 CL-VaPUC
005 20220920170942.0
008 180323e20180000uy |||||||||||||||||spa|d
999 |c 370763  |d 370761 
020 |a 9789974745384 
040 |c Pontificia Universidad Católica de Valparaíso 
082 0 4 |a 345.056 SAN 2018   |2 21 
100 0 |a Santos, Ilison Dias Dos  |e author  |9 596839 
245 1 0 |a En busca de la justicia restaurativa.  |b Un cambio de paradigma en el Derecho penal de garantías 
260 |a Montevideo, Uruguay   |b B de f  |c 2018 
300 |a 186 páginas  
583 |a last modification  |c 20180323 15:33:00  |k Rodrigo Vera 
650 0 |a Garantías  |9 385837 
650 0 |a Reforma procesal penal   |9 471095 
650 0 |a Jueces de garantía  |9 498803 
650 0 |a Juicio oral  |9 455093 
852 |a BIBDER 
942 |c BK  |2 ddc 
945 |d 20180323 15:33:00  |a dcastane 
952 |0 0  |1 0  |3 erb  |4 0  |6 345_056000000000000_SAN_2018  |7 0  |8 A  |9 487402  |a BIBDER  |b BIBDER  |i 5459885  |l 4  |m 4  |o 345.056 SAN 2018  |p 5459885  |q 2025-12-31  |r 2024-04-15  |s 2024-04-15  |w 2019-11-24  |y BK  |z Catalogado en:20180323  |k DER 
952 |0 0  |1 0  |3 erb  |4 0  |6 345_056000000000000_SAN_2018  |7 0  |8 A  |9 487403  |a BIBDER  |b BIBDER  |i 5554977  |l 1  |m 1  |o 345.056 SAN 2018  |p 5554977  |r 2024-11-11  |s 2024-10-28  |w 2019-11-24  |y BK  |z Catalogado en:20190705  |k DER